000 00464nam a22001937a 4500
003 MPLRDC
005 20220104143148.0
008 210129b ||||| |||| 00| 0 eng d
020 _a957-708-489-3
082 _a848.4 ST-6
100 _a苏童
245 _a天使的粮食
_c
250 _a初版
260 _a
_b麦田出版股份有限公司
_c1997
300 _b
490 _a当代小说家;7
650 _a现代别集
942 _cBK
_o848.4 ST-6
999 _c37238
_d37228